000 00495nam a22001817a 4500
003 MPLRDC
005 20220104193423.0
008 210129b ||||| |||| 00| 0 eng d
020 _a978-7-5502-1541-2
082 _a947.415 GMZZ-6 c.2
100 _a高木直子 图文
245 _a一个人上东京
_c常纯敏 译
250 _a一版一刷
260 _a中国
_b北京联合出版公司
_c2013
300 _b
650 _a漫画--多格 多单元
942 _cBK
_o947.415 GMZZ-6 c.2
999 _c65187
_d65177